00523nam a2200157Ia 450000500170000000800410001704100080005808200160006610000280008224500400011026000380015030000090018865000200019799900190021795201290023620250729165749.0250729s2006 xx 000 0 und d aeng a494.25 MOHK aDr.M Mohan Alva9232417 aKannada Manasu Bhoudhika Swathatrya aMoodabidribAlvas Prakashanc2006 a228p aKannada9232418 c239772d239772 00104070aALbALd2025-07-29eManagement Bookg50.00l0o494.25 MOHKpBED05091r2025-07-29 16:57:49v50.00w2025-07-29yBK